| 000 | 00469nam a22001817a 4500 | ||
|---|---|---|---|
| 005 | 20250210102637.0 | ||
| 008 | 250210b |||||||| |||| 00| 0 eng d | ||
| 020 | _a9780273693024 | ||
| 050 |
_aHG1601 _bCAS |
||
| 100 | _aCasu, Barbara | ||
| 245 | _aIntroduction to banking | ||
| 260 |
_aLondon _bPrentice-Hall _cc2006 |
||
| 300 |
_axxvi, 526p; _bill.; |
||
| 500 | _aIncludes index | ||
| 700 | _aGirardone, Claudia | ||
| 700 | _aMolyneux, Philip | ||
| 942 |
_2lcc _cBK _n0 |
||
| 999 |
_c3774 _d3774 |
||